|
|
|
|
| LEADER |
00000nam a2200000 4500 |
| 001 |
vtls012268369 |
| 003 |
SK-MaSNL |
| 005 |
20260302095705.0 |
| 008 |
241211s2024 xo o g c 000 0 slo |
| 020 |
|
|
|a 9788085150124
|q (brožované)
|
| 040 |
|
|
|a SNK
|b slo
|c SNK
|e rda
|
| 041 |
0 |
|
|a slo
|
| 043 |
|
|
|a e-xo---
|
| 044 |
|
|
|a xo
|c SK
|
| 072 |
|
7 |
|a 72/76
|x Výtvarné umenie
|2 konspekt
|
| 080 |
|
|
|a 72/76.092
|2 2011
|
| 080 |
|
|
|a 72/76(437.6)
|2 2011
|
| 080 |
|
|
|a 72/76.077
|2 2011
|
| 080 |
|
|
|a (437.6)
|2 2011
|
| 080 |
|
|
|a (083.824)
|2 2011
|
| 080 |
|
|
|a (437.641)
|2 2011
|
| 111 |
2 |
|
|a Výtvarné spektrum
|n (61. :
|d 2024 :
|c Čadca, Slovensko)
|4 aut
|9 769182
|
| 245 |
1 |
0 |
|a Výtvarné spektrum 2024
|b 61. ročník celoštátnej postupovej súťaže a výstavy neprofesionálnej výtvarnej tvorby : krajské kolo : Horné Považie, Kysuce, Liptov, Orava, Turiec
|c zostavila: Ľubica Ligocká ; foto výtvarných diel: Ľubica Ligocká
|
| 246 |
3 |
0 |
|a 61. ročník celoštátnej postupovej súťaže a výstavy neprofesionálnej výtvarnej tvorby
|
| 246 |
3 |
|
|a Šesťdesiatyprvý ročník celoštátnej postupovej súťaže a výstavy neprofesionálnej výtvarnej tvorby
|
| 264 |
|
1 |
|a Čadca
|b Kysucké kultúrne stredisko v Čadci
|c [2024]
|
| 300 |
|
|
|a 18 nečíslovaných strán
|b farebné fotografie
|c 30 cm
|
| 336 |
|
|
|a text
|b txt
|2 rdacontent
|
| 336 |
|
|
|a statický obraz
|b sti
|2 rdacontent
|
| 337 |
|
|
|a bez média
|b n
|2 rdamedia
|
| 338 |
|
|
|a zväzok
|b nc
|2 rdacarrier
|
| 500 |
|
|
|a Názov z obálky
|
| 611 |
2 |
7 |
|a Výtvarné spektrum
|n (61. :
|d 2024 :
|c Čadca, Slovensko)
|2 SNKKA
|9 769182
|
| 648 |
|
7 |
|a 2024
|2 SNKPH
|9 318269
|
| 650 |
0 |
7 |
|a slovenské výtvarné umenie
|2 SNKPH
|9 68597
|
| 650 |
0 |
7 |
|a Art competitions
|2 SNKPHeng
|9 291754
|
| 650 |
0 |
7 |
|a Slovak art
|2 SNKPHeng
|9 275442
|
| 650 |
0 |
7 |
|a Amateur art
|2 SNKPHeng
|9 270759
|
| 650 |
0 |
7 |
|a amatérske umenie
|2 SNKPH
|9 299479
|
| 650 |
0 |
7 |
|a výtvarné súťaže
|2 SNKPH
|9 2910
|
| 651 |
|
7 |
|a Čadca (Slovensko)
|2 SNKPH
|9 28627
|
| 651 |
|
7 |
|a Horné Považie (Slovensko : región)
|2 SNKPH
|9 165175
|
| 651 |
|
7 |
|a Kysuce (Slovensko : región)
|2 SNKPH
|9 165903
|
| 651 |
|
7 |
|a Liptov (Slovensko : región)
|2 SNKPH
|9 151081
|
| 651 |
|
7 |
|a Orava (Slovensko : región)
|2 SNKPH
|9 116635
|
| 651 |
|
7 |
|a Turiec (Slovensko : región)
|2 SNKPH
|9 238871
|
| 651 |
|
7 |
|a Čadca (Slovakia)
|2 SNKPHeng
|9 195592
|
| 651 |
|
7 |
|a Horné Považie (Slovakia : region)
|2 SNKPHeng
|9 165512
|
| 651 |
|
7 |
|a Kysuce (Slovakia : region)
|2 SNKPHeng
|9 116624
|
| 651 |
|
7 |
|a Liptov (Slovakia : region)
|2 SNKPHeng
|9 169045
|
| 651 |
|
7 |
|a Orava (Slovakia : region)
|2 SNKPHeng
|9 142438
|
| 651 |
|
7 |
|a Turiec (Slovakia : region)
|2 SNKPHeng
|9 174440
|
| 655 |
|
7 |
|a katalógy výstav
|2 SNKPH
|9 70445
|
| 655 |
|
7 |
|a Exhibition catalogs
|2 SNKPHeng
|9 266232
|
| 700 |
1 |
|
|a Ligocká, Ľubica
|4 com
|4 pht
|9 489201
|
| 852 |
|
|
|a Slovenská národná knižnica
|
| 919 |
|
|
|a 978-80-85150-12-4
|
| 954 |
|
|
|a obrazové publikácie zamerané na výtvarné umenie a fotografiu pôvodné (slovenské)
|2 lita
|
| 999 |
|
|
|c 1217827
|d 1219757
|
| 952 |
|
|
|a SNK
|b SNK
|y NEVYP
|7 1
|p 17A1562763
|o snkOSB 21578
|i snk2024/18462
|8 0
|0 0
|1 0
|4 0
|d 2024-12-11
|l 0
|r 2026-02-24 23:34:25
|w 2026-02-24
|
| 952 |
|
|
|a SNK
|b SNK
|y PREZ
|7 0
|p 17A1562764
|o snkOSB 21578 D1
|i snk2024/18463
|8 0
|0 0
|1 0
|4 0
|d 2024-12-11
|l 0
|r 2026-02-24 23:34:25
|w 2026-02-24
|